[Event "BCF-chT4a 0405 (4NCL)"]
[Site "Telford"]
[Date "2005.05.29"]
[Round "10.3"]
[White "De Coverly, Roger D"]
[Black "Allen, Syd A"]
[Result "1-0"]
[WhiteElo "2093"]
[BlackElo "1780"]
[PlyCount "111"]
[EventDate "2004.11.06"]
[EventType "team"]
[EventRounds "11"]
[EventCountry "ENG"]
[SourceTitle "EXT 2006"]
[Source "ChessBase"]
[SourceDate "2005.11.24"]
[SourceVersion "1"]
[SourceVersionDate "2005.11.24"]
[SourceQuality "1"]
[WhiteTeam "Slough Sharks IV"]
[BlackTeam "The ADS"]
[WhiteTeamCountry "ENG"]
[BlackTeamCountry "ENG"]

1. Nf3 c5 2. g3 d6 3. Bg2 a6 4. 0-0 Bd7 5. d4 cxd4 6. Nxd4 Nc6 7. Nc3 e6 8. e4 Nxd4 9. Qxd4 Bc6 10. Bd2 Nf6 11. Rae1 Be7 12. h3 0-0 13. Kh2 h6 14. f4 Nh7 15. Be3 Bf6 16. Qd2 Qc7 17. f5 exf5 18. Rxf5 Bg5 19. Nd5 Bxd5 20. Rxd5 Bxe3 21. Rxe3 Rad8 22. Red3 Rc8 23. c3 Ng5 24. Rxd6 Qe7 25. Rd7 Qe6 26. Rxb7 Nxe4 27. Bxe4 Qxe4 28. Rdd7 Qe6 29. Qd5 Qe2+ 30. Qg2 Qe6 31. a3 Rb8 32. Rxb8 Rxb8 33. Qd2 Re8 34. Rd8 Kf8 35. Rxe8+ Kxe8 36. Qd3 f6 37. Kg2 Kf7 38. c4 Qc6+ 39. Qd5+ Qxd5+ 40. cxd5 Ke7 41. Kf3 f5 42. Ke3 Kd6 43. Kd4 g5 44. b4 f4 45. gxf4 gxf4 46. Ke4 f3 47. Kxf3 Kxd5 48. a4 Kc4 49. b5 axb5 50. axb5 Kxb5 51. Kg4 Kc6 52. Kh5 Kd6 53. Kxh6 Ke6 54. Kg6 Ke7 55. Kg7 Ke6 56. h4 1-0